000 00409nam a2200181Ia 4500
005 20240823005730.0
008 240823s9999||||xx |||||||||||||| ||und||
041 _aENGLISH
082 _A398.9 N5
100 _aClaremont
245 0 _aDictionary of Proverbs
250 _a1st
260 _c1995
_b"Claremont,London"
500 _aTransfered
650 _aENG
_bEnglish
942 _cBK
999 _c156563
_d156563